Vista normal
Vista MARC
Entrada Topical Term
Número de registros utilizados en: 1
001 - CONTROL NUMBER
- control field: 8999
003 - CONTROL NUMBER IDENTIFIER
- control field: OSt
005 - DATE AND TIME OF LATEST TRANSACTION
- control field: 20200819195104.0
008 - FIXED-LENGTH DATA ELEMENTS
- fixed length control field: 200819|| aca||aabn | a|a d
040 ## - CATALOGING SOURCE
- Original cataloging agency: OSt
- Transcribing agency: OSt
150 ## - HEADING--TOPICAL TERM
- Topical term or geographic name entry element: Régimen subsidiado
670 ## - SOURCE DATA FOUND
- Source citation: Work cat.: (OSt)6363: Bolívar Vargas, Mery Concepción, autor 8997, Estudio de la Suficiencia y de los Mecanismos de Ajuste de Riesgo para el Calculo de la Unidad de Pago por Capitación Para Garantizar el Plan Obligatorio de Salud en el Año 2007 /, 2011.